02539nam a2200361 a 4500008004100000020001800041050001400059110001500073245008500088260006800173300002000241350001000261650002800271650004600299650004500345650004700390995011700437995012100554995012100675995010100796995010000897995010000997995010101097995012101198995010001319999001701419952013301436952013001569952011601699952011601815952013001931952011602061160421s2009 ||||||||||||||||| || u a9780821377994 aHD 82 Wor aWorld Bank10aGlobal economic prospects 2009: commodities at the crossroadscBy The World Bank aWashington D.CbThe International Bank for Reconstructionc2009 axv, 180p.: ill. a86.73 aECONOMIC HISTORY--1990- aINTERNATIONAL ECONOMIC RELATIONS--HISTORY aECONOMIC PROSPECTS--DEVELOPING COUNTRIES 0aECONOMIC FORECASTING--DEVELOPING COUNTRIES FCBU-SCHOOL OF MEDICINE LIBRARY (Ndola)I38.00M7UAVAILABLEWMay 9, 2016ZMedical Library Open Access Collection FCBU-KAPASA MAKASA LIBRARY (Chinsali)I86.73M8UAVAILABLEWMay 26, 2016ZKapasa Makasa Library Open Acess Collection FCBU-KAPASA MAKASA LIBRARY (Chinsali)I86.73M2UAVAILABLEWMay 26, 2016ZKapasa Makasa Library Open Acess Collection FCBU-MAIN LIBRARY (Kitwe)I38.00M3UAVAILABLEWApr 25, 2016ZMain Library Open Access Collection FCBU-DAG HAMMARSKJOLD INSTITUTE LIBRARYI38.00M4UAVAILABLEWMay 9, 2016ZDHIPS Book Collection FCBU-DAG HAMMARSKJOLD INSTITUTE LIBRARYI38.00M6UAVAILABLEWMay 9, 2016ZDHIPS Book Collection FCBU-MAIN LIBRARY (Kitwe)I38.00M1UAVAILABLEWApr 25, 2016ZMain Library Open Access Collection FCBU-KAPASA MAKASA LIBRARY (Chinsali)I86.73M9UAVAILABLEWSep 13, 2017ZKapasa Makasa Library Open Acess Collection FCBU-DAG HAMMARSKJOLD INSTITUTE LIBRARYI38.00M5UAVAILABLEWMay 9, 2016ZDHIPS Book Collection c30632d30632 00102lcc4070a002b002cMedical Library Open Access Collectiond2022-11-29l0oHD 82 Worp903626r2022-11-29w2022-11-29y002 00102lcc4070a001b001cMain Library Open Access Collectiond2022-11-29l0oHD 82 Worp746106r2022-11-29w2022-11-29y002 00102lcc4070a006b006cDHIPS Book Collectiond2022-11-29l0oHD 82 Worp500430r2022-11-29w2022-11-29y002 00102lcc4070a006b006cDHIPS Book Collectiond2022-11-29l0oHD 82 Worp500432r2022-11-29w2022-11-29y002 00102lcc4070a001b001cMain Library Open Access Collectiond2022-11-29l0oHD 82 Worp746105r2022-11-29w2022-11-29y002 00102lcc4070a006b006cDHIPS Book Collectiond2022-11-29l0oHD 82 Worp500431r2022-11-29w2022-11-29y002